000 00700 a2200193 4500
010 _aENG-88943
020 _a9780195676396
_c795.00
035 _aEN-72476
037 _bDBAD / PUB
082 1 4 _a840.8
090 _c9701
_d9701
245 1 _aThe Oxford India anthology of modern urdu literature :
_bpoetry and prose miscellany /
_cedited by Mehr Afshan Farooqi
260 _aNew Delhi
_bOxford University Press
_c2008
300 _axi, 325p. ;
_c22 cm (Hb)
500 _aIncludes bibliographical references and index
700 _aFarooqi, Mehr Afshan
942 _adpl
_cEN
_k840.8 / OXF
999 _c9524
_d9524